| 000 | 00900cam a22002651a 4500 | ||
|---|---|---|---|
| 999 |
_c332440 _d332440 |
||
| 001 | 10241676 | ||
| 003 | NUST | ||
| 005 | 20180117110837.0 | ||
| 008 | 851021s1952 iaua 000 0 eng | ||
| 010 | _a 51003092 | ||
| 020 | _a9814126527 | ||
| 035 | _a(OCoLC)12697826 | ||
| 040 |
_aDLC _cOAU _dDLC |
||
| 042 | _apremarc | ||
| 050 | 0 | 0 | _b.S4 |
| 082 | _a631.4 SCH | ||
| 100 | 1 |
_aSchwab, Glenn Orville, _d1919- _96959 |
|
| 245 | 1 | 0 |
_asoil and water conservation engineering / _cGlenn O. Schwab, Richad K. Frevert |
| 250 | _a4th ed. | ||
| 260 |
_aNew York: _bJohn Wiley ., _c2002.. |
||
| 300 |
_a507 p. : _bill. ; _c22 cm. |
||
| 500 | _aP.B | ||
| 650 | 0 |
_aSoil conservation. _96960 |
|
| 650 | 0 |
_aWater conservation. _95903 |
|
| 650 | 0 |
_aSurveying. _96961 |
|
| 740 | 0 | _aSoil and water conservation engineering. | |
| 906 |
_a7 _bcbc _coclcrpl _du _encip _f19 _gy-gencatlg |
||
| 942 |
_2ddc _cBK _kIESE |
||